00426nam a2200169 a 450000100060000000300090000600800410001502000150005604000280007108200190009910000160011824500180013426000460015230000110019849000210020965000260023019501CO-ViMGA141112s2004 ck r 000 u spa d a9501521230 aCO-ViMGAbspacCO-ViMGA04a922.2244 L453j1 aLinder, Leo10aJuana de Arco aBarcelona : bJavier Vergara Editor; 2000 a287 p. aMujeres rebeldes14aJUANA DE ARCO - SANTA